Score 0/26 Timer 06:00
1 Play Today
Question Answer Wrong Answers
Vague
Lacking clarity or distinctness
Right
91.7%
Wrong
1.7%
Yearn
Desire strongly or persistently
Right
91.6%
Wrong
1.7%
Hypnosis
A state that resembles sleep induced by suggestion
Right
91.4%
Wrong
2%
Unique
Extremely common; average
Wrong
90.2%
Right
3.2%
Fortitude
Strength of mind that enables one to endure adversity
Right
90.1%
Wrong
3.1%
Serene
Agitated or rambunctious
Wrong
90.1%
Right
3.2%
Rambunctious
Noisy and lacking in restraint or discipline
Right
88.8%
Wrong
4.4%
Ambiguous
Having more than one possible meaning
Right
88.3%
Wrong
5.1%
Melancholy
Have an attitude of cheerfulness
Wrong
87.5%
Right
5.9%
Tenacious
Stubbornly unyielding
Right
87.1%
Wrong
6.2%
Nostalgia
A sentimental longing or wistful affection for the past
Right
86%
Wrong
7.5%
Dubious
Fraught with uncertainty or doubt
Right
85.7%
Wrong
7.7%
Lucid
Transparently clear; easily understandable
Right
83%
Wrong
10.4%
Zealot
Someone with no strong feelings about anything
Wrong
82.4%
Right
10.9%
Benevolent
Showing or motivated by hatred and misunderstanding
Wrong
82.3%
Right
11%
Gallivant
Travel purposefully for business
Wrong
80.4%
Right
12.9%
Karma
The belief that one's destiny does not depend on their actions
Wrong
79.2%
Right
14.4%
Esoteric
Understood by everyone
Wrong
77.6%
Right
15.6%
Capricious
Determined by chance or impulse rather than necessity
Right
73.7%
Wrong
19.5%
Wanton
Lewd or lascivious
Right
71.9%
Wrong
21.4%
Oxymoron
Needless repetition of an idea, statement, or word
Wrong
70.9%
Right
22.6%
Quixotic
Logical; sensible about practical matters
Wrong
69.6%
Right
23.6%
Diameter
The distance around a circle
Wrong
63.1%
Right
30.6%
Pique
A sudden outburst of anger
Right
51.4%
Wrong
42.1%
Jejune
Lacking interest or significance or impact
Right
50.3%
Wrong
43%
Irony
Congruity between what is expected and what occurs
Wrong
49.4%
Right
44.2%
Remove Ads.
Support Sporcle.
Get the best of Sporcle when you Go Orange. This ad-free experience offers more features, more stats, and more fun while also helping to support Sporcle. Thank you for becoming a member.

You're not logged in!

Compare scores with friends on all Sporcle quizzes.
OR
Log In

Show Comments

Extras

Top Quizzes Today


Score Distribution

Your Account Isn't Verified!

In order to create a playlist on Sporcle, you need to verify the email address you used during registration. Go to your Sporcle Settings to finish the process.

Report this User

Report this user for behavior that violates our Community Guidelines.

Details: